Стилистика английского языка (Запис № 576593)
[ простий вигляд ]
| 000 -Лідер | |
|---|---|
| fixed length control field | 02575 a2200289 4500 |
| 001 - Контрольний номер | |
| control field | 2162214035925118 |
| 003 - Ідентифікатор контрольного номера | |
| control field | UA-OsUOA |
| 005 - Дата та час останнього входження (трансакції) | |
| control field | 20240819143210.0 |
| 008 - Елементи даних фіксованої довжини – загальна інформація | |
| fixed length control field | 240710b un ||||| |||| 00| 0 rus d |
| 020 ## - Міжнародний стандартний книжковий номер (ISBN) | |
| Міжнародний стандартний книжковий номер (ISBN) (НП) | 5110025363 |
| 040 ## - Джерело каталогізації | |
| Агенція оригінальної каталогізації | UA-OsUOA |
| Мова каталогізації | ukr |
| Агенція, яка здійснювала перезапис | UA-OsUOA |
| Агенція, яка здійснювала модифікацію | UA-OsUOA |
| 041 ## - Код мови | |
| Код мови тексту/ звукової доріжки чи окремого заголовка (П) | rus |
| -- | eng |
| 080 ## - Індекс Універсальної десяткової класифікації | |
| Індекс Універсальної десяткової класифікації (УДК) (НП) | 81 |
| 090 ## - Локальний шифр розміщення | |
| Класифікаційний індекс УДК | 81 |
| Авторський знак (НП) | C80 |
| 245 ## - Відомості про назву | |
| Назва (НП) | Стилистика английского языка |
| Дані про відповідальність (НП) | А. Н. Мороховский, О. П. Воробьева, Н. И. Лихошерст, З. В. Тимошенко |
| 260 ## - Публікація, розповсюдження і т.п. (Вихідні дані) | |
| Місце публікації, розповсюдження і т.п. (П) | Киев |
| Ім’я/ наймення видавництва, розповсюджувача і т.п. (П) | Выща школа |
| Дата публікації, розповсюдження і т.п. (П) | 1991 |
| 300 ## - Фізичний опис | |
| Обсяг | 272 с. |
| 520 ## - Резюме і т.п. | |
| Резюме, реферат, анотація, тощо (НП) | В учебнике излагаются основы стилистики английского языка - синтезирующей лингвистической дисциплины, изучающей язык как систему, то есть как множество элиментов, объединенных единством трех объективных начал: вещественного субстрата (выразительные стедства всех языковых уровней), структуры внутренних отношений (стилистические приемы на всех речевых уровнях) и функциональных связей со средой (функциональные типы языка, функциональные стили, типы и жанры высказываний и текстов).<br/>Состоит из восьми глав, в которых изложены методологические и лингвистические основы стилистики, сформулирован концептуальный апарат стилистики на базе общелингвистических понятий. Рассмотрены выразительные средства и стилистические приемы всех языковых уровней.<br/>Для студентов институтов и факультетов иностранных языков. |
| 648 ## - Додаткове предметне введення – хронологічний термін | |
| Хронологічне поняття | 81 Лінгвістика. Мовознавство. Мови |
| 9 (RLIN) | 3614 |
| 700 1# - Додаткове введення – ім'я особи | |
| Ім’я особи (НП) | А. Н. Мороховский А. Н. |
| 9 (RLIN) | 3615 |
| 700 1# - Додаткове введення – ім'я особи | |
| Ім’я особи (НП) | Воробьева О. П. |
| 9 (RLIN) | 3616 |
| 700 1# - Додаткове введення – ім'я особи | |
| Ім’я особи (НП) | Лихошерст Н. И. |
| 9 (RLIN) | 3617 |
| 700 1# - Додаткове введення – ім'я особи | |
| Ім’я особи (НП) | Тимошенко З. В. |
| 9 (RLIN) | 3618 |
| 942 ## - Додаткові елементи входу (Коха) | |
| Тип елемента Koha | Книги |
| Source of classification or shelving scheme | Universal Decimal Classification |
| 955 ## - Код типу видання за змістом | |
| Код типу видання за змістом (НП) | Навчальні видання |
| Стан вилучень | Стан втрат | Джерело класифікації або схеми стелажів | Стан уражень | Не для кредиту | Код колекції | Постійне місце розташування | Поточне розміщення | Дата придбання | Джерело придбання | Вартість, звичайна ціна покупки | Усього замовленно | Повний номер виклику | Штрих-код | Дата останнього перегляду | Вартість, ціна заміни | Ціна ефективна від | Тип елемента Koha | Примітка, призначена для загального доступу |
|---|---|---|---|---|---|---|---|---|---|---|---|---|---|---|---|---|---|---|
| Universal Decimal Classification | Колекція Ізментинова О. А. | ВІЛ - Відділ іноземн. літератури НБ | ВІЛ - Відділ іноземн. літератури НБ | 10/07/2024 | №41/24.06.2024 | 15.00 | 81 C80 | 217718 | 10/07/2024 | 15.00 | 10/07/2024 | Книги | Дарувальник Ізментинов О. А. |